[Event "Chigorin Memorial 20th"]
[Site "St Petersburg"]
[Date "2012.11.04"]
[Round "9"]
[White "Boytsov, Alexander"]
[Black "Baglaev, Evgeniy"]
[Result "1/2-1/2"]
[WhiteElo "1945"]
[BlackElo "2099"]
[PlyCount "225"]
[EventDate "2012.10.27"]
[EventType "swiss"]
[EventRounds "9"]
[EventCountry "RUS"]
[SourceTitle "EXT 2013"]
[Source "ChessBase"]
[SourceDate "2012.11.22"]
[SourceVersion "1"]
[SourceVersionDate "2012.11.22"]
[SourceQuality "1"]

1. e4 e6 2. d4 d5 3. exd5 exd5 4. Nf3 Bd6 5. Bd3 Qe7+ 6. Qe2 Qxe2+ 7. Kxe2 Bg4 8. Re1 Ne7 9. h3 Bh5 10. Nbd2 Nbc6 11. c3 f6 12. Kf1 Bg6 13. Bxg6+ hxg6 14. b3 Kf7 15. Bb2 Bf4 16. Re2 g5 17. Ng1 Ng6 18. g3 Bd6 19. Kg2 Nge7 20. c4 Bb4 21. Ngf3 Bxd2 22. Rxd2 Rad8 23. Bc3 Nf5 24. Rc1 Rhe8 25. c5 Re4 26. b4 a6 27. Rcd1 Rde8 28. a3 Kf8 29. Kf1 R8e7 30. Ne1 Re8 31. Nc2 b6 32. Re1 Rxe1+ 33. Nxe1 Kf7 34. Nc2 b5 35. Re2 Ra8 36. Re1 a5 37. Ra1 Ke6 38. Re1+ Kd7 39. Ra1 Ra7 40. Kg2 Ra8 41. Kf1 Kd8 42. Kg2 Ke7 43. f3 Kf7 44. Kf2 Kf8 45. Kg2 Nfe7 46. Kf2 Kf7 47. Kg2 Ng6 48. Rb1 axb4 49. axb4 Ra2 50. Rb2 Ra4 51. Rb3 f5 52. Na3 Na7 53. Bd2 f4 54. g4 Nh4+ 55. Kf2 Ra6 56. Rd3 Ng6 57. Bc1 Ne7 58. Rb3 Nec6 59. Nc2 Nd8 60. Ra3 Ra4 61. Ke2 Ndc6 62. Kd2 Ne7 63. Kc3 Ng6 64. Kb3 Rxa3+ 65. Bxa3 Nc6 66. Bb2 Nh4 67. Ne1 Nd8 68. Bc3 Ne6 69. Kc2 Nd8 70. Kd2 Nc6 71. Ke2 Ke7 72. Kf2 Ng6 73. Nc2 Nf8 74. Ke2 Nd7 75. Kf2 Kf7 76. Ke2 Nf6 77. Kf2 Ne7 78. Ne1 Ke6 79. Nd3 Nc6 80. Ne1 Nd8 81. Nd3 Nc6 82. Ne1 Ng8 83. Nd3 Nf6 84. Ne1 Nh7 85. Nc2 Nf8 86. Na3 Na7 87. Ke2 Nd7 88. Kd3 Nf8 89. Ke2 Nh7 90. Kd3 Nf6 91. Nc2 Nc6 92. Na3 Na7 93. Nc2 c6 94. Ne1 Nh7 95. Ng2 Nf8 96. h4 gxh4 97. Nxf4+ Kf6 98. Bd2 g5 99. Nh3 Ne6 100. Be1 Nc8 101. f4 gxf4 102. Bxh4+ Kg6 103. Kc3 Kg7 104. Nf2 Kg6 105. Kd3 Kf7 106. Nh3 Kg6 107. Kc3 Kh6 108. Bf6 Kg6 109. Bh4 Kh6 110. Bf6 Kg6 111. Bh4 Kh6 112. Bf6 Kg6 113. Bh4 1/2-1/2

[Event "St Petersburg Botvinnik Memorial op"]
[Site "St Petersburg"]
[Date "2012.09.02"]
[Round "9"]
[White "Boytsov, Alexander"]
[Black "Safronov, Kirill"]
[Result "0-1"]
[WhiteElo "1920"]
[BlackElo "2034"]
[PlyCount "74"]
[EventDate "2012.08.25"]
[EventType "swiss"]
[EventRounds "9"]
[EventCountry "RUS"]
[SourceTitle "CBM 150 Extra"]
[Source "ChessBase"]
[SourceDate "2012.10.19"]
[SourceVersion "1"]
[SourceVersionDate "2012.10.19"]
[SourceQuality "1"]

1. e4 e5 2. Nf3 d6 3. Nc3 Nf6 4. Bc4 Be7 5. 0-0 0-0 6. d4 exd4 7. Qxd4 Nc6 8. Qd1 Bg4 9. Be2 Re8 10. h3 Bh5 11. Re1 Bf8 12. Bg5 h6 13. Bxf6 Qxf6 14. Nd5 Qd8 15. Nh2 Bxe2 16. Qxe2 Ne5 17. Rad1 c6 18. Ne3 Ng6 19. Nf5 Qc7 20. Qf1 Rad8 21. c4 Qc8 22. Ng3 Nf4 23. Rd2 d5 24. a3 dxe4 25. Rxd8 Qxd8 26. Nxe4 Re6 27. Rd1 Qe8 28. Nc3 Rg6 29. g3 Bc5 30. Kh1 Nh5 31. Re1 Re6 32. Nf3 Rxe1 33. Nxe1 Qd7 34. Nd3 Bxf2 35. Kg2 Bxg3 36. Ne4 Bb8 37. Qf3 Qxd3 0-1

[Event "St Petersburg White Nights op"]
[Site "St Petersburg"]
[Date "2012.06.09"]
[Round "8"]
[White "Klevets, Ksenia"]
[Black "Boytsov, Alexander"]
[Result "1/2-1/2"]
[WhiteElo "1815"]
[BlackElo "1924"]
[PlyCount "69"]
[EventDate "2012.06.02"]
[EventType "swiss"]
[EventRounds "9"]
[EventCountry "RUS"]
[SourceTitle "CBM 148 Extra"]
[Source "ChessBase"]
[SourceDate "2012.06.22"]
[SourceVersion "1"]
[SourceVersionDate "2012.06.22"]
[SourceQuality "1"]

1. d4 d5 2. Nf3 c5 3. e3 e6 4. Nbd2 Nc6 5. b3 Nf6 6. Bb2 Bd6 7. Ne5 0-0 8. Bd3 cxd4 9. exd4 Qc7 10. f4 Nb4 11. 0-0 Nxd3 12. Nxd3 Ne4 13. a4 b6 14. c4 Nxd2 15. Qxd2 dxc4 16. Rac1 Qd7 17. Rxc4 Ba6 18. Rc2 Rac8 19. Rxc8 Rxc8 20. Rf2 f6 21. Nb4 Bb7 22. Nc2 Bd5 23. Qd3 Qc7 24. g3 Qc6 25. Ne3 Be4 26. Qe2 Bb4 27. Qc4 Qxc4 28. Nxc4 Bd5 29. Rc2 a6 30. Kf2 Bf8 31. Rc1 b5 32. axb5 axb5 33. Nd2 Ra8 34. Ra1 Rc8 35. Rc1 1/2-1/2

[Event "St Petersburg White Nights op"]
[Site "St Petersburg"]
[Date "2012.06.03"]
[Round "2"]
[White "Rutman, Aleksandr"]
[Black "Boytsov, Alexander"]
[Result "1/2-1/2"]
[WhiteElo "2194"]
[BlackElo "1924"]
[PlyCount "47"]
[EventDate "2012.06.02"]
[EventType "swiss"]
[EventRounds "9"]
[EventCountry "RUS"]
[SourceTitle "CBM 148 Extra"]
[Source "ChessBase"]
[SourceDate "2012.06.22"]
[SourceVersion "1"]
[SourceVersionDate "2012.06.22"]
[SourceQuality "1"]

1. e4 e5 2. Nf3 Nf6 3. Bc4 Nxe4 4. Nc3 Nd6 5. Bb3 Nc6 6. Qe2 Nf5 7. Nxe5 Nxe5 8. Qxe5+ Qe7 9. Qxe7+ Bxe7 10. Nd5 Bd6 11. c3 c6 12. Ne3 Nxe3 13. fxe3 f6 14. d4 b5 15. 0-0 Bb7 16. e4 0-0-0 17. Bf4 Bxf4 18. Rxf4 Rhe8 19. Bc2 Re6 20. Bd3 Kc7 21. Rf2 a6 22. Re1 h6 23. Rfe2 d6 24. a4 1/2-1/2

[Event "St Petersburg Spring op"]
[Site "St Petersburg"]
[Date "2012.03.28"]
[Round "7"]
[White "Boytsov, Alexander"]
[Black "Yusupova, Lilia"]
[Result "1-0"]
[WhiteElo "1922"]
[BlackElo "1623"]
[PlyCount "58"]
[EventDate "2012.03.22"]
[EventType "swiss"]
[EventRounds "9"]
[EventCountry "RUS"]
[SourceTitle "EXT 2013"]
[Source "ChessBase"]
[SourceDate "2012.11.22"]
[SourceVersion "1"]
[SourceVersionDate "2012.11.22"]
[SourceQuality "1"]

1. e4 c5 2. Nf3 Nc6 3. c4 e5 4. Nc3 g6 5. d3 Bg7 6. Be2 Nge7 7. 0-0 h6 8. Rb1 0-0 9. Ne1 d6 10. f4 f5 11. Nc2 Be6 12. Nd5 Bf7 13. a3 Nxd5 14. cxd5 Ne7 15. b4 b6 16. bxc5 bxc5 17. fxe5 Qc8 18. e6 Be8 19. Bf4 Be5 20. Bxh6 Ba4 21. Bxf8 Kxf8 22. Qd2 Kg7 23. Qg5 Qc7 24. g3 Bxg3 25. Kg2 Bxc2 26. Rbc1 Bxd3 27. Bxd3 Be5 28. exf5 Bf6 29. Qg4 Rh8 1-0

[Event "St Petersburg Spring op"]
[Site "St Petersburg"]
[Date "2012.03.27"]
[Round "6"]
[White "Klimshin, Ilia"]
[Black "Boytsov, Alexander"]
[Result "1/2-1/2"]
[WhiteElo "1708"]
[BlackElo "1922"]
[PlyCount "47"]
[EventDate "2012.03.22"]
[EventType "swiss"]
[EventRounds "9"]
[EventCountry "RUS"]
[SourceTitle "EXT 2013"]
[Source "ChessBase"]
[SourceDate "2012.11.22"]
[SourceVersion "1"]
[SourceVersionDate "2012.11.22"]
[SourceQuality "1"]

1. e4 e5 2. Nf3 Nf6 3. d4 exd4 4. e5 Ne4 5. Qxd4 d5 6. exd6 Nxd6 7. Nc3 Nc6 8. Qd1 Be7 9. Be2 0-0 10. 0-0 Be6 11. Bf4 Qd7 12. Ne5 Nxe5 13. Bxe5 Rad8 14. Nd5 Rfe8 15. Nxe7+ Qxe7 16. Bxd6 Rxd6 17. Bd3 Qg5 18. Re1 Red8 19. Qf3 g6 20. h3 Bd5 21. Be4 Rf6 22. Qc3 Bxe4 23. Rxe4 Rc6 24. Rc4 1/2-1/2

[Event "St Petersburg Spring op"]
[Site "St Petersburg"]
[Date "2012.03.26"]
[Round "5"]
[White "Boytsov, Alexander"]
[Black "Palchun, Grigory"]
[Result "0-1"]
[WhiteElo "1922"]
[BlackElo "2206"]
[PlyCount "50"]
[EventDate "2012.03.22"]
[EventType "swiss"]
[EventRounds "9"]
[EventCountry "RUS"]
[SourceTitle "EXT 2013"]
[Source "ChessBase"]
[SourceDate "2012.11.22"]
[SourceVersion "1"]
[SourceVersionDate "2012.11.22"]
[SourceQuality "1"]

1. e4 c5 2. Nf3 Nc6 3. c4 e5 4. Nc3 d6 5. d3 g6 6. Be2 Bg7 7. 0-0 f5 8. exf5 Bxf5 9. Nd5 Nge7 10. Bg5 0-0 11. Nd2 h6 12. Nxe7+ Nxe7 13. Bxe7 Qxe7 14. Ne4 Rad8 15. Qb3 b6 16. Bf3 Be6 17. Ng3 h5 18. Bd5 Bxd5 19. cxd5 h4 20. Ne4 h3 21. g3 Bh6 22. Qd1 Qd7 23. Qe2 Kg7 24. f3 Qf7 25. Nc3 Rd7 0-1

[Event "St Petersburg Spring op"]
[Site "St Petersburg"]
[Date "2012.03.23"]
[Round "2"]
[White "Gnidenko, Andrey"]
[Black "Boytsov, Alexander"]
[Result "1/2-1/2"]
[WhiteElo "2168"]
[BlackElo "1922"]
[PlyCount "126"]
[EventDate "2012.03.22"]
[EventType "swiss"]
[EventRounds "9"]
[EventCountry "RUS"]
[SourceTitle "EXT 2013"]
[Source "ChessBase"]
[SourceDate "2012.11.22"]
[SourceVersion "1"]
[SourceVersionDate "2012.11.22"]
[SourceQuality "1"]

1. d4 d5 2. c4 e6 3. Nc3 c5 4. cxd5 exd5 5. Nf3 Nc6 6. g3 Nf6 7. Bg2 Be7 8. 0-0 0-0 9. dxc5 Bxc5 10. Bg5 Be7 11. Qb3 Na5 12. Qb5 a6 13. Qd3 Be6 14. Rfd1 Nc4 15. Rab1 Rc8 16. b3 Nb6 17. Rbc1 h6 18. Be3 Ba3 19. Rc2 Nbd7 20. Na4 Ne4 21. Rxc8 Qxc8 22. Nb6 Nxb6 23. Bxb6 Nc3 24. Re1 Bf5 25. Qd4 Re8 26. e3 Be4 27. Ba5 Nb5 28. Qd2 Qc5 29. Nd4 b6 30. Nxb5 Qxb5 31. Bc3 Qc6 32. Bf1 Rc8 33. Ba1 a5 34. Qd4 f6 35. Bh3 Rc7 36. Qd1 Qc2 37. Qh5 Bb4 38. Rf1 Kh7 39. Be6 g6 40. Qh4 Bc3 41. Bxc3 Qxc3 42. Qf4 Re7 43. Qd6 Qc7 44. Qxc7 Rxc7 45. f3 Bd3 46. Rf2 Re7 47. Rd2 Ba6 48. Bxd5 Rxe3 49. Kf2 Rd3 50. Rxd3 Bxd3 51. Ke3 Bb5 52. Kd4 Kg7 53. a4 Be2 54. f4 Kf8 55. Be4 f5 56. Bc6 Ke7 57. Ke5 Bd1 58. Bd5 Be2 59. Bc4 Bf3 60. h4 h5 61. Bg8 Bd1 62. Kd4 Bf3 63. Kc4 Bc6 1/2-1/2

[Event "St Petersburg Autumn op"]
[Site "St Petersburg"]
[Date "2011.11.05"]
[Round "9"]
[White "Boytsov, Alexander"]
[Black "Irinchinov, Vladimir"]
[Result "1-0"]
[WhiteElo "1913"]
[BlackElo "2050"]
[PlyCount "94"]
[EventDate "2011.10.28"]
[EventType "swiss"]
[EventRounds "9"]
[EventCountry "RUS"]
[SourceTitle "EXT 2013"]
[Source "ChessBase"]
[SourceDate "2012.11.22"]
[SourceVersion "1"]
[SourceVersionDate "2012.11.22"]
[SourceQuality "1"]

1. e4 e5 2. Nf3 Nc6 3. d4 exd4 4. Nxd4 Bc5 5. Nxc6 Qf6 6. Qf3 dxc6 7. Be2 Be6 8. 0-0 0-0-0 9. Nd2 Bd4 10. Qxf6 Nxf6 11. Bf3 Bxb2 12. Bxb2 Rxd2 13. Rfc1 Rhd8 14. a4 a6 15. Bc3 R2d7 16. h3 Ne8 17. Re1 c5 18. Rab1 b6 19. Be2 Kb7 20. f4 f6 21. Bf3 c6 22. Ba5 Rc8 23. Rxb6+ Ka7 24. e5 Bd5 25. Bg4 Rcc7 26. Bxd7 Rxd7 27. e6 Re7 28. Rbb1 c4 29. f5 g6 30. Bb4 Rg7 31. Bc5+ Ka8 32. Rb6 Rb7 33. Reb1 Rxb6 34. Rxb6 a5 35. fxg6 hxg6 36. e7 Be4 37. c3 Bc2 38. Ra6+ Kb7 39. Rxa5 Bf5 40. Ra7+ Kb8 41. Ra6 Bd7 42. Rb6+ Kc7 43. a5 Bf5 44. a6 Bc8 45. a7 Bb7 46. Rb1 Kc8 47. Rd1 Kc7 1-0

[Event "St Petersburg Autumn op"]
[Site "St Petersburg"]
[Date "2011.11.01"]
[Round "5"]
[White "Klobukov, Sergey"]
[Black "Boytsov, Alexander"]
[Result "1-0"]
[WhiteElo "1974"]
[BlackElo "1913"]
[PlyCount "67"]
[EventDate "2011.10.28"]
[EventType "swiss"]
[EventRounds "9"]
[EventCountry "RUS"]
[SourceTitle "EXT 2013"]
[Source "ChessBase"]
[SourceDate "2012.11.22"]
[SourceVersion "1"]
[SourceVersionDate "2012.11.22"]
[SourceQuality "1"]

1. Nf3 d5 2. b3 Nf6 3. Bb2 e6 4. e3 c5 5. Bb5+ Bd7 6. a4 Bd6 7. d3 0-0 8. Bxd7 Nbxd7 9. Nbd2 e5 10. e4 dxe4 11. dxe4 Bc7 12. 0-0 Re8 13. Qe2 Qe7 14. Nc4 h6 15. Rad1 Rad8 16. Rd3 Nh5 17. g3 f5 18. Nh4 fxe4 19. Qxe4 Ndf6 20. Qe2 Rxd3 21. cxd3 e4 22. d4 e3 23. Nxe3 Qe4 24. Qc4+ Kh8 25. dxc5 Bxg3 26. Qxe4 Rxe4 27. hxg3 Nxg3 28. fxg3 Rxe3 29. Bxf6 gxf6 30. Rf3 Re6 31. Kf2 Rc6 32. Rf5 b6 33. b4 a5 34. b5 1-0

[Event "St Petersburg Spring op"]
[Site "St Petersburg"]
[Date "2011.03.23"]
[Round "1"]
[White "Boytsov, Alexander"]
[Black "Shchukin, Dmitry"]
[Result "0-1"]
[WhiteElo "1902"]
[BlackElo "2341"]
[PlyCount "80"]
[EventDate "2011.03.23"]
[EventType "swiss"]
[EventRounds "9"]
[EventCountry "RUS"]
[SourceTitle "CBM 141 Extra"]
[Source "ChessBase"]
[SourceDate "2011.05.03"]
[SourceVersion "1"]
[SourceVersionDate "2011.05.03"]
[SourceQuality "1"]

1. e4 c5 2. Nf3 d6 3. Bb5+ Nd7 4. 0-0 Ngf6 5. Re1 a6 6. Bxd7+ Nxd7 7. c3 e6 8. d4 Be7 9. b3 0-0 10. Bb2 b5 11. Nbd2 Bb7 12. c4 cxd4 13. Nxd4 Qb6 14. Qg4 Bf6 15. Nxe6 fxe6 16. Qxe6+ Rf7 17. Bxf6 Nxf6 18. e5 Bc8 19. Qxd6 Qxd6 20. exd6 Bb7 21. c5 a5 22. Rac1 Rc8 23. Nf3 Bxf3 24. gxf3 Rc6 25. Red1 Nd7 26. Rd5 b4 27. Kg2 Rf8 28. Re1 Rxc5 29. Rxc5 Nxc5 30. Re5 Nb7 31. Rb5 Rf7 32. Kg3 g6 33. Kg4 Kg7 34. h3 h5+ 35. Kg3 Nxd6 36. Rxa5 Nf5+ 37. Kg2 Nd4 38. Ra4 Nc2 39. Kg3 Ne1 40. Rxb4 Rxf3+ 0-1